01553 2200409 4500001002100000005001500021035002000036007000300056008004100059082001500100084001700115100002600132245033400158250002600492300003500518650002100553700003200574700004000606700004500646700003900691700003200730700003500762700002900797700003000826700003300856264003800889336002100927337003000948338002300978040002201001850001201023090002201035999002201057020002201079990002201101990002001123INLIS00000000088190120230918120820 a0010-0923000493ta230911s2022 yoia g e ind d04223a808.84 a808.84 TUK s1 aTukijo, A.ePengarang10a100 tahun bersama menyatukan hati :bkumpulan tulisan dari: alumni, guru, tenaga pendidik, orang tua, & peserta didik /cA. Tukijo, Hr. Klidiatmoko, Bernadeta Juli Wulandari, Clara Radinka Lituhayu Kusumo, Kristiana Hesti Padmini, Yoseph Nai Helly, Yulius Wahyu Widodo, Veronica Dewi, Sri Ayuningsih; penyunting, Hastin Munawaroh aCetakan I: Maret 2022 a216 halaman :bgambar ;c21 cm 4aEsai--xKumpulan1 aKlidiatmoko, Hr.ePengarang0 aBernadeta Juli WulandariePengarang0 aClara Radinka Lituhayu KusumoePengarang0 aKristiana Hesti PadminiePengarang0 aYoseph Nai HellyePengarang0 aYulius Wahyu WidodoePengarang0 aVeronica DewiePengarang0 aSri AyuningsihePengarang0 aHastin MunawarohePenyunting31aYogyakarta :bPohon Cahaya,c2022 2rdacontentateks 2rdamediaatanpa perantara 2rdacarrieravolume aYOPDYOGbinderda aYOPDYOG aCB-D.11 2022-4326 aCB-D.11/2022-4326 a978-602-4913-16-8 aCB-D.11/2022-4326 a71525-PD/A.2023